| 000 | 01164nam0a22002771 4500 | ||
|---|---|---|---|
| 001 | rc\4754320 | ||
| 005 | 20260406184746.0 | ||
| 021 |
_aRU _b66-19594 |
||
| 021 |
_aRU _bРг3251-66 |
||
| 035 | _a(NLR Aleph) 008994348 | ||
| 090 |
_a9266858 _c9266858 |
||
| 100 | _a20130417d1966 |||y0rusy50 ca | ||
| 101 | 0 | _arus | |
| 102 | _aRU | ||
| 105 | _ay z ||||| | ||
| 200 | 1 |
_aЛечение сапропелевой грязью больных инфекционным неспецифическим (эволютивным) полиартритом _e(Метод. письмо) _fМ-во здравоохранения РСФСР. Свердл. науч.-исслед. ин-т курортологии и физиотерапии |
|
| 210 |
_aСвердловск _cБ. и. _d1966 |
||
| 215 |
_a8 с. _d20 |
||
| 300 | _aНа 2-й с. обл. сост.: Л.А. Козлова | ||
| 702 | 1 |
_aКозлова _bЛ.А. _4220 |
|
| 712 | 0 | 2 |
_aСвердловский НИИ курортологии и физиотерапии _3RU\NLR\AUTH\889950186 _9396170 |
| 801 | 0 |
_aRU _bNLR _gpsbo |
|
| 801 | 1 |
_aRU _bELAR _2rusmarc |
|
| 852 |
_aNLR _j66-4/6864 |
||
| 942 | _cBOOK | ||
| 980 | _aNB | ||